Jak dobrze znasz piosenkę "I Ciebie też, bardzo"? - Statystyki

Ogólne statystyki
  • Ten quiz został rozwiązany 116 razy
  • Średni wynik to 17 z 20
Statystyki odpowiedzi
Tekst Brakujące słowo % Poprawnych
Wiem, że nie chcę się już ... bać dłużej
96%
Musisz ..., że ja Ciebie też wiedzieć
96%
Daleko, gdzie ... rozlewa się wśród gwiazd mleko
94%
Nie chcę tańczyć do melodii, którą ... znam
94%
Nie martw się, noc jeszcze ... jest młoda
93%
Szkoda czasu, ... nie młoda noc
93%
Weszłam na jedną ..., zostałam kilka lat chwilę
92%
Otwieram ..., idę oczy
92%
Nie dam rady w kilku ... , wiesz słowach
91%
Podaj rękę, ... podaj szybko
89%
Jestem ..., już mnie porwał wiatr wolny
89%
Szkoda ..., mi nie szkoda czasu
88%
Za chwilę mamy ... się spotkać
87%
Zielona trawa, dobre ... dni
86%
Chyba po ... minę drodze
84%
Widzę na jeden ... metr
78%
Przede mną stoisz ... Ty
71%
Skoszona trawa, ... dzień nudny
69%
... trzymały mnie za kark Strachy
64%
Stary, znajomy ... brzeg
54%
Nie znaleziono quizów pasujących do podanych kryteriów
Rozkład punktacji
Procent ludzi z każdym wynikiem
Percentyl według liczby udzielonych odpowiedzi
Twoja historia wyników
Nie rozwiązałeś tego quizu